Certamen literario en honor de la Santísima Virgen de la Merced, patrona de los ex-cautivos / texto del discurso pronunciado por el Mantenedor, Sr. Marqués de Castellflorite
Descripción Física:
[8] f. ; 20 cm
Otros Autores:
Servicio Nacional de Hermandades de Ex-cautivos
MARC
| LEADER | 00000nam a2200000Ia 4500 | ||
|---|---|---|---|
| 001 | 6176 | ||
| 008 | 160829s1962 xx 000 0 cat d | ||
| 080 | |a FU-1-30 | ||
| 110 | 1 | |a Barcelona (Catalunya : Província). |b President (1949-1967 : Buxó de Abaigar) |9 54218 | |
| 245 | |a Certamen literario en honor de la Santísima Virgen de la Merced, patrona de los ex-cautivos / texto del discurso pronunciado por el Mantenedor, Sr. Marqués de Castellflorite | ||
| 260 | |a Barcelona : |b Servicio Nacional de Hermandades de Ex-cautivos, |c 1962 | ||
| 300 | |a [8] f. ; |c 20 cm | ||
| 650 | |a Barcelona. Diputació |x Presidents |x Discursos |9 23126 | ||
| 700 | |a Servicio Nacional de Hermandades de Ex-cautivos |9 34053 | ||
| 901 | |a Arxiu | ||
| 942 | |n 1 |2 udc | ||
| 952 | |0 0 |1 0 |4 0 |6 FU130 |7 1 |9 46361 |a Arxiu |b Arxiu |d 2016-12-01 |l 0 |o FU-1-30 |p 6176 |r 2016-12-01 00:00:00 |w 2016-12-01 |y ARXIU | ||
| 999 | |c 50146 |d 50146 | ||